D2D DINOSAUR TO DYNAMO HOW 20 ESTABLISHE (Record no. 8174)
[ view plain ]
| 000 -LEADER | |
|---|---|
| fixed length control field | 00346nam a2200133Ia 4500 |
| 008 - FIXED-LENGTH DATA ELEMENTS--GENERAL INFORMATION | |
| fixed length control field | 240624s9999 xx 000 0 und d |
| 041 ## - LANGUAGE CODE | |
| Language code of text/sound track or separate title | eng |
| 082 ## - DEWEY DECIMAL CLASSIFICATION NUMBER | |
| Classification number | 658.406 STA |
| 100 ## - MAIN ENTRY--PERSONAL NAME | |
| Personal name | STAUFFER DAVID |
| 245 ## - TITLE STATEMENT | |
| Title | D2D DINOSAUR TO DYNAMO HOW 20 ESTABLISHE |
| 260 ## - PUBLICATION, DISTRIBUTION, ETC. | |
| Date of publication, distribution, etc. | 2001 |
| Place of publication, distribution, etc. | Oxford |
| Name of publisher, distributor, etc. | Capstone |
| 300 ## - PHYSICAL DESCRIPTION | |
| Extent | viii, : 232 : p. : cm. ; 23 |
| 365 ## - TRADE PRICE | |
| Currency code | |
| Price amount | 35 |
| Withdrawn status | Lost status | Damaged status | Not for loan | Home library | Current library | Shelving location | Date acquired | Source of acquisition | Cost, normal purchase price | Full call number | Barcode | Date last seen | Copy number | Price effective from | Koha item type |
|---|---|---|---|---|---|---|---|---|---|---|---|---|---|---|---|
| IMTN | IMTN | Rack 31-A | 01/23/2008 | BU | 45.00 | 658.406 STA | 8174 | 06/24/2024 | 39.27 | 06/24/2024 | Books |